Todo sobre Bolivia y la compleja disputa por el mar
Guardat en:
| Autor principal: | |
|---|---|
| Format: | Llibre |
| Idioma: | espanyol |
| Publicat: |
Santiago
Ediciones El Mercurio
2016
|
| Edició: | 1a. ed |
| Matèries: | |
| Etiquetes: |
Afegir etiqueta
Sense etiquetes, Sigues el primer a etiquetar aquest registre!
|
MARC
| LEADER | 00000cam a2200000 a 4500 | ||
|---|---|---|---|
| 001 | UCC4219 | ||
| 003 | CL-VaPUC | ||
| 008 | 180720e20160000cl |||||||||||||||||spa|d | ||
| 020 | |a 9789567402571 | ||
| 082 | 0 | 4 | |a 984.05 |b ROD |2 21 |
| 100 | |a Rodríguez Elizondo, José |e autor |9 331463 | ||
| 245 | 1 | 0 | |a Todo sobre Bolivia y la compleja disputa por el mar |
| 250 | |a 1a. ed | ||
| 300 | |a 277 p | ||
| 942 | |c BK | ||
| 945 | |d 20180720 14:27:00 |a dcastane | ||
| 260 | |a Santiago |b Ediciones El Mercurio |c 2016 | ||
| 650 | 0 | |a Historia de Bolivia siglo 20 |9 390465 | |
| 650 | 0 | |a Condiciones económicas |9 258255 | |
| 650 | 0 | |a Desarrollo económico y social |9 256320 | |
| 650 | 7 | |a DESARROLLO POLITICO Y SOCIAL |2 CL-VaPUC |9 598370 | |
| 583 | |a last modification |c 20180720 14:27:00 |k Rodrigo Vera | ||
| 999 | |c 371772 |d 371770 | ||
| 952 | |0 0 |1 0 |3 erb |4 0 |6 984_050000000000000_ROD_2016 |7 0 |8 A |9 488960 |a BIBHIS |b BIBHIS |i 5482542 |o 984.05 ROD 2016 |p 5482542 |r 2025-01-20 |w 2019-11-24 |y BK |z Catalogado en:20180720 |k HIS | ||